The specter of global China (Registro nro. 310839)

Detalles MARC
000 -ENCABEZADO
Número de control [NR] 01637cam a2200385Mc 4500
001 - NÚMERO DE CONTROL
control field ocn994217360
005 - FECHA Y HORA DE LA ÚLTIMA TRANSACCIÓN
control field 20181122144853.0
008 - DE LONGITUD FIJA DE DATOS DE ELEMENTOS - INFORMACIÓN GENERAL
Elementos de longitud fija [NR] 181122s2017 enk b 001 0 eng d
010 ## - NUMERO DE CONTROL DE LA BIBLIOTECA DEL CONGRESO (LC) [NR]
Número de control LC [NR] 2017029440
020 ## - NUMERO INTERNACIONAL NORMALIZADO PARA LIBROS [R]
ISBN Cancelado/ Invalidado [R] 9780226340661
020 ## - NUMERO INTERNACIONAL NORMALIZADO PARA LIBROS [R]
ISBN Cancelado/ Invalidado [R] 022634066X
020 ## - NUMERO INTERNACIONAL NORMALIZADO PARA LIBROS [R]
Número Internacional Normalizado del libro [NR] 9780226340838
020 ## - NUMERO INTERNACIONAL NORMALIZADO PARA LIBROS [R]
ISBN Cancelado/ Invalidado [R] 022634083X
020 ## - NUMERO INTERNACIONAL NORMALIZADO PARA LIBROS [R]
ISBN Cancelado/ Invalidado [R] 9780226340975
020 ## - NUMERO INTERNACIONAL NORMALIZADO PARA LIBROS [R]
ISBN Cancelado/ Invalidado [R] 022634097X
029 0# - OTRO SISTEMA DE NÚMERO DE CONTROL (OCLC)
OCLC library identifier GBVCP
System control number 893397296
029 1# - OTRO SISTEMA DE NÚMERO DE CONTROL (OCLC)
OCLC library identifier CHBIS
System control number 011167162
029 1# - OTRO SISTEMA DE NÚMERO DE CONTROL (OCLC)
OCLC library identifier CHDSB
System control number 006719001
029 1# - OTRO SISTEMA DE NÚMERO DE CONTROL (OCLC)
OCLC library identifier CHVBK
System control number 488383862
029 1# - OTRO SISTEMA DE NÚMERO DE CONTROL (OCLC)
OCLC library identifier CHVBK
System control number 51163546X
035 ## - NUMERO DE CONTROL DEL SISTEMA [R]
Número de control del sistema [NR] (OCoLC)994217360
040 ## - FUENTE DE CATALOGACION [NR]
Agencia de catalogación original [NR] Co-BoUCM
Idioma de catalogación [NR] spa
Quien Cataloga Saul Niño
Quien Clasifica Saul Niño
041 0# - CODIGO DE IDIOMA [R]
Código de idioma para texto/pista de sonido o título separado [R] Inglés
100 1# - ASIENTO PRINCIPAL--NOMBRE PERSONAL [NR]
Nombre personal [NR] Lee, Ching Kwan
ID Autoridad 94622
245 14 - MENCION DE TITULO [NR]
Título [NR] The specter of global China
Parte restante del título [NR] politics, labor, and foreign investment in Africa
Mención de responsabilidad, etc. [NR] Ching Kwan Lee
260 ## - PUBLICACION, DISTRIBUCION, ETC. (PIE DE IMPRENTA) [R]
Lugar de publicación, distribución, etc. [R] London
-- Chicago
Nombre del editor, distribuidor, etc. [R] The University of Chicago Press
Fecha de publicación, distribución, etc. [R] 2017
300 ## - DESCRIPCION FISICA [R]
Extensión [R] 209 páginas
520 ## - NOTA DE RESUMEN, ETC. [R]
Nota de sumario, etc. [NR] Unnatural capital: Chinese state investment and its travails in Africa -- Varieties of accumulation: profit maximization and beyond -- Labor bargains: regimes of exploitation and exclusion -- Managerial ethos: collective asceticism versus individual careerism -- Contesting capital: aspiration and capacity from below -- Eventful global China -- Appendix: an ethnographer's odyssey: the mundane and the sublime of researching China in Zambia
546 ## - NOTA DE IDIOMA [R]
Nota de idioma [NR] Texto en inglés
650 #7 - ASIENTO SECUNDARIO DE MATERIA - TERMINO TEMATICO [R]
Término temático o nombre geográfico como elemento de entrada [NR] Inversiones extranjeras
Subdivisión geográfica [R] China
9 (RLIN) 39522
650 #7 - ASIENTO SECUNDARIO DE MATERIA - TERMINO TEMATICO [R]
Término temático o nombre geográfico como elemento de entrada [NR] Capitalismo
Subdivisión geográfica [R] China
9 (RLIN) 10463
650 #7 - ASIENTO SECUNDARIO DE MATERIA - TERMINO TEMATICO [R]
Término temático o nombre geográfico como elemento de entrada [NR] Africa
Subdivisión general [R] Condiciones económicas
Subdivisión geográfica [R] China
9 (RLIN) 94623
942 ## - ELEMENTOS DE ENTRADA AGREGADOS (KOHA)
Sistema de clasificación DEWEY
Tema principal Economía
Tipo de ítem principal el descrito en 300a Libro
Edición 1
Clasificación 332.673
Parte restante de la signatura top. L477s
Existencias
Total préstamos Signatura topográfica Código de barras Última vez visto Ejemplar Costo de reposición Price effective from Tipo de ítem Perdido Sistema de clasificación Dañado No prestable Tipo de ítem específico Suprimido Ubicación habitual Ubicación actual Localización Fecha de creación Proveedor Forma de adquisición Costo
  332.673 L477s 100158626 04/12/2025 Ej.1 95415.00 09/11/2018 Libro   DEWEY     Libro   Claustro Claustro Mezanine 09/11/2018 19 Compra 95415.00